000
00281nam a2200121Ia 4500
008
191201s2018 xx 000 0 und d
100
_a
GUPTA, J B
245
0
_a
Electronic Device and Circuit
260
_b
Katson
_c
2018
300
_a
1126
650
_a
B.Tech(ECE)
942
_2
ddc
_c
BK
999
_c
6913
_d
6913